000 00519cam a22001577a 4500
008 180718b1999 xxu||||| |||| 00| 0 eng d
020 _a8170335101
082 _aQ31x1724 V989
245 _aPoverty reduction in developing countries: experiences from Asia and Africa
_cedited by V.S. Vyas and Pradeep Bhargava
260 _aJaipur
_bRawat
_c1999
300 _a316p.
650 _aPublic policy - Developing countries
650 _aPoverty - Developing countries
700 _aBhargava, Pradeep
700 _aVyas, V.S.
999 _c487596
_d487596